[Event "Wuerttemberg-ch Blitz"]
[Site "Murrhard"]
[Date "2021.08.20"]
[Round "6"]
[White "Friedl, Bastian"]
[Black "Zehring, Mathias"]
[Result "0-1"]
[WhiteElo "1584"]
[BlackElo "1871"]
[PlyCount "90"]
[EventDate "2021.08.20"]
[EventType "swiss (blitz)"]
[EventRounds "11"]
[EventCountry "GER"]
[SourceTitle "CBM 204 Extra"]
[Source "ChessBase"]
[SourceDate "2021.11.30"]
[SourceVersion "1"]
[SourceVersionDate "2021.11.30"]
[SourceQuality "1"]

1. e4 e5 2. Nc3 Nf6 3. Bc4 Bc5 4. d3 h6 5. Nge2 c6 6. Be3 Qe7 7. 0-0 0-0 8. Ng3 Bxe3 9. fxe3 d6 10. Nf5 Bxf5 11. exf5 d5 12. Bb3 Nbd7 13. e4 Nc5 14. Qf3 Nxb3 15. axb3 Qc5+ 16. Kh1 d4 17. Ne2 Qxc2 18. Ng3 Qxb3 19. Nh5 Nxh5 20. Qxh5 f6 21. Rf3 Qf7 22. Qg4 Kh7 23. Rh3 a5 24. b3 b5 25. Rf1 a4 26. bxa4 bxa4 27. Qe2 a3 28. Ra1 a2 29. Rf3 Rfb8 30. Rff1 Qb3 31. h4 Qb2 32. Qd1 Qc3 33. Qg4 Rb2 34. Qg6+ Kg8 35. Qg3 Ra3 36. Qe1 Qxd3 37. Qb4 Rxb4 38. Rfc1 Rc3 39. Kh2 Rxc1 40. Rxa2 Rc2 41. Ra8+ Kh7 42. h5 Qe2 43. Kh3 Qxg2+ 44. Kh4 Qg5+ 45. Kh3 Rb3# 0-1

[Event "Oeffingen op 8th"]
[Site "Fellbach/Oeffingen"]
[Date "2017.06.03"]
[Round "2"]
[White "Gustain, Marc"]
[Black "Zehring, Mathias"]
[Result "1-0"]
[WhiteElo "2118"]
[BlackElo "1877"]
[PlyCount "107"]
[EventDate "2017.06.02"]
[EventType "swiss"]
[EventRounds "7"]
[EventCountry "GER"]
[SourceTitle "EXT 2024"]
[Source "ChessBase"]
[SourceDate "2023.10.10"]
[SourceVersion "1"]
[SourceVersionDate "2023.10.10"]
[SourceQuality "1"]

1. e4 e5 2. Bc4 Nf6 3. d4 Nc6 4. Nf3 Be7 5. dxe5 Ng4 6. Qd5 0-0 7. h3 Nb4 8. Qd4 Nh6 9. Nc3 Kh8 10. Bxh6 gxh6 11. Qd2 Bg5 12. Nxg5 Qxg5 13. Qxg5 hxg5 14. 0-0-0 Nc6 15. Nd5 Nxe5 16. Nxc7 Rb8 17. Bb3 b6 18. f3 Bb7 19. Bd5 Bc6 20. Na6 Rbc8 21. Nb4 Bb5 22. Kb1 a5 23. Nd3 Nxd3 24. cxd3 Kg7 25. Bc4 Bxc4 26. dxc4 Rxc4 27. Rxd7 Rfc8 28. Rhd1 R8c7 29. Rxc7 Rxc7 30. Rd6 Rb7 31. Kc2 f6 32. Kd3 Kf7 33. b3 Ke7 34. Rc6 Rd7+ 35. Ke3 Rb7 36. a3 h5 37. g3 b5 38. Rc5 a4 39. b4 Ke6 40. h4 gxh4 41. gxh4 Rg7 42. Rxb5 Rg1 43. Ra5 Rh1 44. Rxa4 Rxh4 45. Ra6+ Ke7 46. b5 Rh1 47. Kf4 Rb1 48. a4 Rb3 49. b6 h4 50. a5 h3 51. Kg3 h2 52. Kxh2 Rxf3 53. b7 Rb3 54. Rb6 1-0

[Event "Stuttgart-chB int"]
[Site "Ditzingen"]
[Date "2009.05.21"]
[Round "3"]
[White "Aubel, Stefan"]
[Black "Zehring, Mathias"]
[Result "1/2-1/2"]
[WhiteElo "1591"]
[BlackElo "1753"]
[PlyCount "48"]
[EventDate "2009.05.21"]
[EventType "swiss"]
[EventRounds "7"]
[EventCountry "GER"]
[SourceTitle "EXT 2018"]
[Source "ChessBase"]
[SourceDate "2017.10.13"]
[SourceVersion "1"]
[SourceVersionDate "2017.10.13"]
[SourceQuality "1"]

1. e4 e5 2. f4 exf4 3. Nf3 Be7 4. Bc4 Nf6 5. d3 d5 6. exd5 Nxd5 7. 0-0 0-0 8. Nc3 Nxc3 9. bxc3 Bd6 10. Nd4 Nd7 11. Bxf4 Ne5 12. Bb3 Bg4 13. Qe1 Ng6 14. Bxd6 Qxd6 15. Qe4 Bc8 16. Rae1 c6 17. Rxf7 Kh8 18. Ref1 Bd7 19. Rxf8+ Rxf8 20. Rxf8+ Qxf8 21. Nf3 Qe7 22. Qd4 b6 23. a4 Nf8 24. Ne5 c5 1/2-1/2